Представление документа в формате RUSMARC

ПолеНазваниеЗначение
  Тип записи a
  Библиографический уровень m
001 Контрольный номер 2cab5e15d1804412bdc1bcd6f0ebde71
005 Дата корректировки 20260518141420.7
010 Индекс ISBN __
a ISBN 978-5-353-07419-9
b Уточнения в пер.
100 Данные общей обработки __
a Данные общей обработки 20260408d 0rusy0189## ca
101 Язык документа 0_
a Язык текста rus
102 Страна публикации __
a Страна публикации RU
200 Заглавие и сведения об ответственности 1_
a Заглавие Сказки
f Первые сведения об ответственности Р. Киплинг
e Сведения, относящиеся к заглавию [для младшего школьного возраста]
g Последующие сведения об ответственности пер. с англ. Корнея Чуковского
g Последующие сведения об ответственности стихи в пер. С. Маршака
g Последующие сведения об ответственности худож.: В. Челак
210 Выходные данные 1_
a Место издания Москва
c Издательство РОСМЭН
d Дата издания 2025
215 Физическое описание __
a Объем 125, [3] с.
c Иллюстрации/тип воспроизводства цв. ил.
225 Серия 2_
a Серия Внеклассное чтение
300 Общие примечания __
a Общие примечания Содерж.: Откуда у Кита такая глотка ; Отчего у Верблюда горб ; Слонёнок ; Кошка, гулявшая сама по себе ; Рикки-Тикки-Тави и др.
300 Общие примечания __
a Общие примечания Произведения печатаются без сокращений
333 Примечание о целевом назначении __
a Примечание о целевом назначении 6+
606 Тематические рубрики 0_
a Основная рубрика Английская детская литература, 19-20 вв. - Сказки
610 Ключевые слова 0_
a Ключевые слова английская классика; сказки английских писателей; сказки Киплинга; сказки о животных; весёлые сказки; слонята (х. л.); кошки (х. л.); мангусты (х. л.); животные и человек (х. л.); первобытные люди (х. л.)
686 Индексы других классификаций __
a Классификационный индекс И(Вел)
700 Автор _1
a Фамилия Киплинг
b Имя (инициалы) Д. Р.
g Полное личное имя Джозеф Редьярд
801 Источник записи _0
a Страна RU
b Организация УОБДЮ
c Дата составления 20260408
g Правила каталогизации RCR
801 Источник записи _1
a Страна RU
b Организация УОБДЮ
c Дата составления 20260408
g Правила каталогизации RCR
830 Общее примечание каталогизатора __
a Текст примечания Д
852 Данные о местонахождении __
i Авторский знак К 42
j Шифр хранения И(Вел)
900 Электронные ресурсы __
a Имя электронного ресурса 593155
901 Тип документа __
t Тип документа m
902 Оглавление книги __
a Оглавление книги, выполненное каталогизатором Откуда у Кита такая глотка
a Оглавление книги, выполненное каталогизатором Отчего у Верблюда горб
a Оглавление книги, выполненное каталогизатором Слонёнок
a Оглавление книги, выполненное каталогизатором Откуда взялись Броненосцы
a Оглавление книги, выполненное каталогизатором Кошка, гулявшая сама по себе
a Оглавление книги, выполненное каталогизатором Откуда у Носорога шкура
a Оглавление книги, выполненное каталогизатором Рикки-Тикки-Тави
905 Данные по созданию БЗ __
b Логин пользователя, который создал БЗ imm
b Логин пользователя, который создал БЗ o8
a Дата создания БЗ 202605
909 Создатель записи __
b Дата создания записи 20260408